| 000 -LEADER |
| fixed length control field |
00822nam a2200229 a 4500 |
| 008 - FIXED-LENGTH DATA ELEMENTS--GENERAL INFORMATION |
| fixed length control field |
191219r19942009xxk||||f |||| 00| 0 eng d |
| 020 ## - INTERNATIONAL STANDARD BOOK NUMBER |
| International Standard Book Number |
9781856090582 |
| Terms of availability |
£ 15.00 |
| 040 ## - CATALOGING SOURCE |
| Original cataloging agency |
IMU Kochi Library |
| Language of cataloging |
eng |
| 041 0# - LANGUAGE CODE |
| Language code of text/sound track or separate title |
eng |
| 044 ## - COUNTRY OF PUBLISHING/PRODUCING ENTITY CODE |
| MARC country code |
United Kingdom |
| 082 04 - DEWEY DECIMAL CLASSIFICATION NUMBER |
| Edition number |
23 |
| Classification number |
623.8245 |
| Item number |
In825 |
| 110 ## - MAIN ENTRY--CORPORATE NAME |
| Corporate name or jurisdiction name as entry element |
International Chamber of Shipping, Oil Companies International Marine Forum. |
| 245 10 - TITLE STATEMENT |
| Title |
Clean Seas Guide for Oil Tankers / |
| 250 ## - EDITION STATEMENT |
| Edition statement |
4th ed. |
| 260 ## - PUBLICATION, DISTRIBUTION, ETC. (IMPRINT) |
| Place of publication, distribution, etc |
Edinburgh : |
| Name of publisher, distributor, etc |
Witherby Seamanship International Ltd. , |
| Date of publication, distribution, etc |
1994, reprinted 2009. |
| 300 ## - PHYSICAL DESCRIPTION |
| Extent |
x, 30 p. ; |
| Dimensions |
21 cm |
| 650 #0 - SUBJECT ADDED ENTRY--TOPICAL TERM |
| Topical term or geographic name as entry element |
Oil pollution of the sea |
| General subdivision |
Prevention |
| -- |
Handbooks, manuals, etc |
| 650 #0 - SUBJECT ADDED ENTRY--TOPICAL TERM |
| Topical term or geographic name as entry element |
Oil spills |
| General subdivision |
Prevention |
| -- |
Handbooks, manuals, etc |
| 852 ## - LOCATION/CALL NUMBER |
| Location |
IMU Kochi Library |
| 904 ## - LOCAL DATA ELEMENT D, LDD (RLIN) |
| CATALOGER |
Akhil Bose |
| 942 ## - ADDED ENTRY ELEMENTS (KOHA) |
| Item type |
Books |